| 000 | 01162nam a22002897a 4500 | ||
|---|---|---|---|
| 003 | DO-SdBNP | ||
| 005 | 20250711112714.0 | ||
| 007 | ta | ||
| 008 | 220210b1925 ||||| |||| 00| 0 fre | ||
| 040 |
_aDO-SdBNP _bspa _cBNPHU |
||
| 082 | 4 |
_222 _a372.61 _bC861g |
|
| 245 | 1 | 0 |
_aCours de latin : Gallus Discens III : _brecueil de 670 exercices, versions et thèmes, adaptés à la grammaire complète à l'usage des classes de seconde et de première et des étudiants / _ccorregida por Charles Georgin ; Henri Berthaut |
| 260 |
_aParís : _bLibrairie A. Hatier, _c1925. |
||
| 300 |
_av.3., 450 p. : _c22 cm |
||
| 490 | _vv.3 | ||
| 500 | _aTítulo original en francés. | ||
| 500 | _aEsta colección incluye 3 volúmenes, la biblioteca posee el v.3. | ||
| 500 | _aLibros de texto de educación secundaria (ciclo secundario). | ||
| 590 | _aInventariado, 2022 / SA | ||
| 650 | 4 |
_aLatin (langue) _981208 |
|
| 650 | 4 | 0 |
_aGramática _927960 _xEnseñanza |
| 650 | 4 | 0 |
_aLibros de texto _xeducación secundaria _978418 |
| 700 | 1 |
_aGeorgin Charles _eCorrección _981213 |
|
| 700 | 1 |
_aBerthaut, Henri _eCorrección _981214 |
|
| 910 | _aSaquino | ||
| 942 |
_2ddc _cLBS1 |
||
| 999 |
_c51402 _d51402 |
||